000 00627nam a2200193Ia 4500
003 LDD
008 190117s9999 xx 000 0 und d
020 _a9789350009444
_c₹495
040 _cLDD
041 _ahi
082 _a8H4.7 पा3916अ
100 _aपाण्डेय, मैनेजर
245 0 _aअनभै सांचा
_cमैनेजर पाण्डेय
260 _aनई दिल्ली
_bवाणी प्रकाशन
_c2012
300 _a300
901 _aVANI
904 _aReqst by : J.M. Parakh
942 _2ddc
_cH
999 _c163231
_d163231